000 00323 a2200157 4500
001 179168
020 _a
040 _cMagnum
100 _aGóes, Lúcia Pimentel
240 1 0 _aChapeuzinho preto
_lpor
245 1 0 _aChapeuzinho preto
300 _a24
362 0 _a1986
697 _aLITERATURA INFANTO
942 _cBK
999 _c179168
_d179168